| 000 | 00525nam a2200169 i 4500 | ||
|---|---|---|---|
| 001 | 79135 | ||
| 003 | ES-MaACL | ||
| 005 | 20230906173917.0 | ||
| 007 | t| | ||
| 008 | 041019s1924 fr ||||1| fre d | ||
| 100 | 1 |
_aHenderson, Lawrence Joseph. _962521 |
|
| 245 | 1 | 2 |
_aL'ordre de la nature / _cpar L.J. Henderson ; traduit de l'anglais par E. Renoir. |
| 260 |
_a[Paris] : _bFélix Alcan, _c1924 ( _eTours : _fArrault et Cie.) |
||
| 300 |
_aVI, 188 p. ; _c19 cm. |
||
| 700 | 1 |
_aRenoir, E. _996228 |
|
| 852 |
_aES-MaACL _jF-11850 |
||
| 999 |
_c79135 _d79135 |
||